| 000 | 00542nam a2200157 i 4500 | ||
|---|---|---|---|
| 001 | 61182 | ||
| 003 | ES-MaACL | ||
| 005 | 20230906164406.0 | ||
| 007 | t| | ||
| 008 | 031111s1954 sp ||||1| spa d | ||
| 100 | 1 |
_aEstal, Gabriel del. _948001 |
|
| 245 | 1 | 0 |
_aPío XII _b: tutor del derecho : discurso pronunciado... Ayuntamiento de Barcelona el 14 de marzo d 1954 / _cGabriel del Estal. |
| 260 |
_aEl Escorial : _b[s.n.], _c1954 ( _fImp. del Real Monasterio) |
||
| 300 |
_a51 p., 1 lám. ; _c22 cm. |
||
| 852 |
_aES-MaACL _j1959-F-10 _bR.35783 |
||
| 999 |
_c61182 _d61182 |
||